Biggest Cities on the Persian Gulf on a Map - Statistics

General Stats
  • This quiz has been taken 104 times
  • The average score is 9 of 20
Answers on the Map
Answers color-coded by a green-red scale on the quiz's map according to % correct below.
 
Answer Stats
Population City % Correct
2,401,067 Dubai
100%
1,202,756 Abu Dhabi
98%
406,596 Kuwait City
98%
587,055 Doha
95%
143,035 Manama
89%
5,028,753 Dammam
73%
1,274,749 Sharjah
60%
526,648 Abbas
39%
450,000 Ajman
29%
337,778 Al-Jubail
24%
120,521 Dhahran
23%
957,090 Hawalli
22%
219,679 Al-Khubar
21%
263,000 Ras al-Khaymah
21%
118,327 Al-Qatif
18%
223,504 Bushehr
18%
250,135 Mubarak al-Kabir
18%
516,252 Fintas
13%
337,114 Mangaf
11%
100,118 Al-Dhakira
10%
No matching quizzes found
Score Distribution
Percent of People with Each Score
Percentile by Number Answered
Your Score History
You have not taken this quiz